<?xml version="1.0" encoding="UTF-8"?>
<record
    xmlns:xsi="http://www.w3.org/2001/XMLSchema-instance"
    xsi:schemaLocation="http://www.loc.gov/MARC21/slim http://www.loc.gov/standards/marcxml/schema/MARC21slim.xsd"
    xmlns="http://www.loc.gov/MARC21/slim">

  <leader>01816nas a2200265Ia 4500</leader>
  <controlfield tag="001">053O-S8115</controlfield>
  <controlfield tag="003">IT-CnALBA</controlfield>
  <controlfield tag="008">170116c99999999xx ||||||||||||   ||und||</controlfield>
  <datafield tag="040" ind1=" " ind2=" ">
    <subfield code="a">IT-CnALBA</subfield>
    <subfield code="c">IT-CnALBA</subfield>
  </datafield>
  <datafield tag="041" ind1=" " ind2=" ">
    <subfield code="a">ITALIANO</subfield>
  </datafield>
  <datafield tag="100" ind1=" " ind2=" ">
    <subfield code="a">DIEZ RENATO</subfield>
  </datafield>
  <datafield tag="210" ind1=" " ind2=" ">
    <subfield code="a">ARTE</subfield>
  </datafield>
  <datafield tag="222" ind1=" " ind2=" ">
    <subfield code="a">ARTE</subfield>
  </datafield>
  <datafield tag="245" ind1=" " ind2="0">
    <subfield code="a">ARTE. CULTURA INFORMAZIONE FINANZA. GIUGNO 2006. PALERMO FRESCHI ACCADEMIA. ART BASEL FIERA DELLE FIERE. FOTOGRAFIA </subfield>
  </datafield>
  <datafield tag="250" ind1=" " ind2=" ">
    <subfield code="a">1a ed.</subfield>
  </datafield>
  <datafield tag="260" ind1=" " ind2=" ">
    <subfield code="a">S.C.</subfield>
    <subfield code="b">S.e.</subfield>
    <subfield code="c">2006</subfield>
  </datafield>
  <datafield tag="310" ind1=" " ind2=" ">
    <subfield code="a">MENSILE</subfield>
  </datafield>
  <datafield tag="362" ind1=" " ind2=" ">
    <subfield code="a">GIUGNO (2006)</subfield>
  </datafield>
  <datafield tag="500" ind1=" " ind2=" ">
    <subfield code="a">VINCITRICE. PROTAGONISTI. PICASSO RUFF PAOLINI. PROPOSTE. ALLCHURCH, PICCO PROVACCARI BAS. BASEL BUON INVESTIMENTO IN FOTOGRAFIA. EMILY ALLCHURGH, MIMO DELLO ARTISTA INGLESE, DIPINTI ANTICHI FOTOGRAFIA DELLA LONDRA CONTEMPORANEA. PABLO PICASSO, VENTICINQUE ANNI FA GUERNICO IN SPAGNA. IL PRADO E IL REINA SOFIA. PER LA CELEBRAZIONE DEL MAESTRO PAOLO BORGHI, NEL MARMO BRONZO E TERRACOTTA LE CREATURE CLASSICHE EVENTI PITTURA SCULTURE PROPOSTE VIDEO VETRI. BIENNALE DELLA FOTOGRAFIA. LETTERE ZECCHI ST. MOSTRE E. CRAVAGNUOLO. </subfield>
  </datafield>
  <datafield tag="501" ind1=" " ind2=" ">
    <subfield code="a">Societ&#xE0; San Paolo EM - Piazza San Paolo, 14 - 12051 ALBA (CN)  (non commercial uses only) &#xAE; Copyright 2017</subfield>
  </datafield>
  <datafield tag="520" ind1=" " ind2=" ">
    <subfield code="a">VINCITRICE. PROTAGONISTI. PICASSO RUFF PAOLINI. PROPOSTE. ALLCHURCH, PICCO PROVACCARI BAS. BASEL BUON INVESTIMENTO IN FOTOGRAFIA. EMILY ALLCHURGH, MIMO DELLO ARTISTA INGLESE, DIPINTI ANTICHI FOTOGRAFIA DELLA LONDRA CONTEMPORANEA. PABLO PICASSO, VENTICINQUE ANNI FA GUERNICO IN SPAGNA. IL PRADO E IL REINA SOFIA. PER LA CELEBRAZIONE DEL MAESTRO PAOLO BORGHI, NEL MARMO BRONZO E TERRACOTTA LE CREATURE CLASSICHE EVENTI PITTURA SCULTURE PROPOSTE VIDEO VETRI. BIENNALE DELLA FOTOGRAFIA. LETTERE ZECCHI ST. MOSTRE E. CRAVAGNUOLO. </subfield>
  </datafield>
  <datafield tag="650" ind1=" " ind2=" ">
    <subfield code="a">SCIENZE UMANE E RELIGIOSE</subfield>
  </datafield>
  <datafield tag="942" ind1=" " ind2=" ">
    <subfield code="c">CR</subfield>
  </datafield>
  <datafield tag="957" ind1=" " ind2=" ">
    <subfield code="7">1</subfield>
  </datafield>
  <datafield tag="999" ind1=" " ind2=" ">
    <subfield code="a">77673</subfield>
    <subfield code="b">NO</subfield>
    <subfield code="g">1</subfield>
    <subfield code="c">335658</subfield>
    <subfield code="d">335658</subfield>
  </datafield>
  <datafield tag="952" ind1=" " ind2=" ">
    <subfield code="0">0</subfield>
    <subfield code="1">0</subfield>
    <subfield code="4">0</subfield>
    <subfield code="6">053OS8115</subfield>
    <subfield code="7">1</subfield>
    <subfield code="a">ALBA</subfield>
    <subfield code="b">ALBA</subfield>
    <subfield code="d">2017-01-16</subfield>
    <subfield code="l">0</subfield>
    <subfield code="o">053O-S8115</subfield>
    <subfield code="r">2017-01-16 00:00:00</subfield>
    <subfield code="w">2017-01-16</subfield>
    <subfield code="y">CR</subfield>
    <subfield code="z">(data import: 16 gennaio 2017) - By Epidotti, Vaglietti. </subfield>
  </datafield>
</record>
